Score 0/20 Timer 04:00
1 Play Today
Phrase Missing Word % Correct
Up in the sky, look: It's a bird. It's a ____. It's Superman! (Superman)Plane
94.7%
Quick _____. To the Batmobile! (Batman)Robin
91.4%
Hey, let's be careful out ____. (Hill Street Blues)There
90.8%
Don't do the _____ if you can't do the time. (Baretta)Crime
89.9%
Oh, there's just one ____ thing... (Columbo)More
88.9%
_____ 'em, Danno! (Hawaii Five-O)Book
86.4%
He's standing right _____ me, isn't he. (NCIS)Behind
85.7%
Do I feel _____?' Well, do ya, punk? (Dirty Harry)Lucky
85.5%
Don't eat the car! Not the car! Oh, what am I yelling at you for? You're a _____! (Turner & Hooch)Dog
84.6%
Who _____ Ya, Baby (Kojak)Loves
78.9%
Phrase Missing Word % Correct
Who knows what ____ lurks in the hearts of men? (The Shadow) Evil
78.2%
...and I would have gotten away with it, too, if it wasn't for you meddling ____. (Scooby Doo, Where Are You?)Kids
77.3%
You're the _____, and I'm the cure (Cobra)Disease
63.6%
My name is Friday. I carry a _____ (Dragnet)Badge
62%
The, uh, stuff that _____ are made of. (The Maltese Falcon)Dreams
60.5%
Friendly neighborhood _____ (Title Character)Spider-man
44.2%
It's a _____... and a curse. (Monk)Gift
41.6%
It's not a _____! (Kindergarten Cop)Tumor
37.1%
Not bird, nor plane, nor even frog, it's just little old me, _____ (Title Character)Underdog
31.4%
I've ____ it both ways (Psych)Heard
21.4%

Today's Daily Dose

Remove Ads.
Support Sporcle.
Get the best of Sporcle when you Go Orange. This ad-free experience offers more features, more stats, and more fun while also helping to support Sporcle. Thank you for becoming a member.

You're not logged in!

Compare scores with friends on all Sporcle quizzes.
OR
Log In

Show Comments

Extras

Top Quizzes Today


Score Distribution

Your Account Isn't Verified!

In order to create a playlist on Sporcle, you need to verify the email address you used during registration. Go to your Sporcle Settings to finish the process.

Report this User

Report this user for behavior that violates our Community Guidelines.

Details: